Living With the Aids Virus (Record no. 15436)

MARC details
000 -LEADER
fixed length control field 00581nam a2200241 a 4500
020 ## - INTERNATIONAL STANDARD BOOK NUMBER
ISBN 0761996222
082 00 - DEWEY DECIMAL CLASSIFICATION NUMBER
Classification number 362.1969
Author Cutter PAN
100 ## - MAIN ENTRY--AUTHOR NAME
Author name Panda, Samiran
245 ## - TITLE STATEMENT
Title Living With the Aids Virus
260 ## - PUBLICATION, DISTRIBUTION, ETC. (IMPRINT)
Place of publication New Delhi
Name of publisher Sage Publications
Year of publication 2002
300 ## - PHYSICAL DESCRIPTION
Number of Pages 204p
500 ## - GENERAL NOTE
General note includes index and biblioraphy
505 2# - FORMATTED CONTENTS NOTE
Formatted contents note Index
650 ## - SUBJECT ADDED ENTRY--TOPICAL TERM
Topical Term Aids
942 ## - ADDED ENTRY ELEMENTS (KOHA)
Koha item type Books
700 1# -
-- Panda, Samiran
Holdings
Collection code Home library Current library Date acquired Cost, normal purchase price Full call number Accession Number Koha item type
  Henry Martyn Institute Library Henry Martyn Institute Library 12/01/2008 460.00 362.1969 PAN 021475 Books
                   Copyright © 2026 | Henry Martyn Institute | Hyderabad | TS-500052 | INDIA | Implemented by hmi.edu.in
Hit-Count:

Powered by Koha